আজব দেশে টমকিনস / (Record no. 49142)
[ view plain ]
| 000 -LEADER | |
|---|---|
| fixed length control field | 00859nam a22002417a 4500 |
| 001 - CONTROL NUMBER | |
| control field | 49142 |
| 003 - CONTROL NUMBER IDENTIFIER | |
| rucl marc code | BD-RjUL |
| 005 - DATE AND TIME OF LATEST TRANSACTION | |
| control field | 20211209054635.0 |
| 008 - FIXED-LENGTH DATA ELEMENTS--GENERAL INFORMATION | |
| fixed length control field | 160818s1961 bg ||||| |||| 00| 0 be d |
| 020 ## - INTERNATIONAL STANDARD BOOK NUMBER | |
| Terms of availability | : PRs 2.00 |
| 035 ## - SYSTEM CONTROL NUMBER | |
| System control number | (BD-RjUL)49261 |
| 040 ## - CATALOGING SOURCE | |
| Original cataloging agency | BD-RjUL |
| Language of cataloging | ben |
| Transcribing agency | BD-RjUL |
| 041 ## - LANGUAGE CODE | |
| Language code of text/sound track or separate title | ben |
| 082 ## - DEWEY DECIMAL CLASSIFICATION NUMBER | |
| Edition number | 23 |
| Classification number | 508 |
| Author mark and year | GAA 1961 |
| 100 ## - MAIN ENTRY--PERSONAL NAME | |
| Personal name | গেমাও, জি. |
| 9 (RLIN) | 147760 |
| 245 10 - TITLE STATEMENT | |
| Title | আজব দেশে টমকিনস / |
| Statement of responsibility, etc. | জি. গেমাও |
| 260 ## - PUBLICATION, DISTRIBUTION, ETC. (IMPRINT) | |
| Place of publication, distribution, etc. | ঢাকা : |
| Name of publisher, distributor, etc. | বাংলা একাডেমী, |
| Date of publication, distribution, etc. | ১৯৬১ [১৩৬৮] |
| 300 ## - PHYSICAL DESCRIPTION | |
| Pagination | ৬১ পৃ. : |
| Illustrations | চিত্র ; |
| Size | ২১ সেমি. |
| 650 ## - SUBJECT ADDED ENTRY--TOPICAL TERM | |
| Topical term or geographic name as entry element | প্রাকৃতিক ইতিহাস |
| 9 (RLIN) | 147761 |
| Topical term or geographic name as entry element | Natural History |
| 9 (RLIN) | 147762 |
| 700 ## - ADDED ENTRY--PERSONAL NAME | |
| Personal name | খান, ফেরদাঊস, অনুবাদ |
| 942 ## - ADDED ENTRY ELEMENTS (KOHA) | |
| Source of classification or shelving scheme | Dewey Decimal Classification |
| Koha item type | Books |
| Lost status | Source of classification or shelving scheme | Damaged status | Not for loan | Collection code | Permanent Location | Current Location | Shelving location | Date acquired | Source of acquisition | Cost, normal purchase price | Total Checkouts | Full call number | Date last seen | Copy number | Koha item type |
|---|---|---|---|---|---|---|---|---|---|---|---|---|---|---|---|
| Dewey Decimal Classification | Non-fiction | Central Library, University of Rajshahi | Central Library, University of Rajshahi | Dhaka, Nawroge Kitabistan | 2.00 | B 508 GAA 1961 | 18/08/2016 | C-2 | Books | ||||||
| Dewey Decimal Classification | Not For Loan | Non-fiction | Central Library, University of Rajshahi | Central Library, University of Rajshahi | Reading Room | 17/01/1967 | 2.00 | B 508 GAA 1961 | 28/10/2018 | C-1 | Books |